000 00292nam a22001337a 4500
008 170127b xxu||||| |||| 00| 0 eng d
020 _a9780323019309
041 _aeng
080 _a61
100 _a3
101 _aSHM
245 _aTHE OSLER MEDICAL HANDBOOK
_cHOPKINS, J
942 _2udc
_cBK
999 _c3842
_d3842